Designing brand experiences.

Bibliographic Details
Main Author: Landa
Format: Book
Published: New York: Thomson, 2006.
Subjects:
LEADER 00434cam a2200169 7i4500
001 0000017042
005 20060227090000.0
020 0 0 |a 1-4018-4887-7  
090 0 0 |a B 659.18   |b LAN 
100 1 0 |a Landa  
245 0 0 |a Designing brand experiences. 
260 0 0 |a New York:   |b Thomson,   |c 2006. 
300 # # |a 271 p. 
650 0 0 |a Branding  
650 0 0 |a Brand name  
650 0 0 |a Corporate branding  
999 |a B000018267  |b Book  |c Book  |e Business Information Centre